Quarto rapporto CISF sulla famiglia in Italia (Record n. 213610)

Dettagli MARC
000 -LEADER
campo di controllo lung. fissa 02203nam a2200241Ia 4500
001 - Numero di controllo
campo di controllo b3730-26177 [5196]
003 - Identificatore del numero di controllo
campo di controllo IT-MiCISF
005 - Data e orario dell'ultima transazione
campo di controllo 20251204113835.0
008 - Elementi di lunghezza fissa--Informazione generale
campo di controllo lung. fissa 161014s9999||||xx |||||||||||||| ||und||
040 ## - Fonte della catalogazione
Agenzia catalografica originale IT-MiCISF
Agenzia che fa la trascrizione IT-MiCISF
041 ## - Codice di lingua
Codice di lingua del testo/traccia sonora o titolo separato it
100 ## - Accesso principale -- nome di persona
Nome di persona Donati Pierpaolo (a cura di)
9 (RLIN) 59326
245 #0 - Formulazione del titolo
Titolo Quarto rapporto CISF sulla famiglia in Italia
260 ## - Pubblicazione, distribuzione, ecc. (stampa)
Luogo di pubblicazione, distribuzione, ecc. Cinisello B. (MI),
Nome dell'editore, distributore, ecc. San Paolo,
Data di pubblicazione, distribuzione, ecc. 1995
300 ## - Descrizione fisica
Estensione pp. 425
500 ## - Nota generale
Nota generale / famiglia, rapporti-intergenerazionali, nuzialità, fecondità, single, valori, consumi, giovani, figli-adolescenti, psicoanalisi, devianza-minorile, diritto /
520 ## - Riassunto, ecc.
Nota di riassunto, ecc. Il Rapporto analizza cosa sta succedendo nella famiglia italiana considerata come reticolo intergenerazionale, ovvero in quanto sistema relazionale che, connettendo le generazioni fra loro - nel conflitto e nella solidarietà, genera altre famiglie. La famiglia produce le generazioni e, a loro volta, le generazioni cambiano la famiglia. Oggigiorno molti percepiscono che si sono creati enormi squilibri fra le generazioni, e che la famiglia è diventata il crocevia di nuovi conflitti generazionali, spesso latenti e solo alcune volte conclamati nella cronaca dei giornali (genitori che distruggono i figli; figli che uccidono i genitori). Ma qualche volta si legge anche di genitori che trovano nuovi motivi di solidarietà verso i figli, e di figli che sentono nuove obbligazioni verso i genitori, in tutte le età della vita. Il fatto è che la famiglia è diventata l'ambito di problemi, scelte e decisioni che non si presentavano anche solo fino a qualche anno fa. Il Rapporto vuole aiutare a capire come e perché cambia la famiglia dal punto di vista dell'intreccio generazionale, cioè di come funziona (o non funziona) la rete delle relazioni generazionali, e di come i cambiamenti in queste reti modificano la famiglia e con essa, il futuro della nostra società.
650 ## - Accesso aggiunto di soggetto--termine topico
Termine topico o nome geografico come accesso Famiglia
654 ## - Accesso aggiunto di soggetto--termini topici faccettati
Termine principale rapporto
700 ## - Accesso aggiunto--nome di persona
Nome di persona Ancona L., De Bernart M., Calvi G., Collicelli C., Di Nicola F., Donati P., Golini A.,
-- Lundari C., Marta E., Moro A.C., Padiglione V., Pontalti C., Scabini E., Silvestrini A.
9 (RLIN) 62852
942 ## - Dati aggiuntivi (Koha)
Tipo copia default (Koha) LIBRO
Fonte della classificazione o dello schema di collocazione (segnatura) Dewey Decimal Classification
999 ## - Sys Number locale (Koha)
Koha Dewey Subclass [OBSOLETE] si
Dati di copia
Ritirato (status) Perso (status) Danneggiato (status) Non per il presito Biblioteca proprietaria Biblioteca in cui si trova Data d'acquisizione Totale prestiti Collocazione Data ultima operazione Prezzo in vigore dal Tipo copia default (Koha) Nota pubblica
    Buone Condizioni Not For Loan CISF - Milano CISF - Milano 14/10/2016   b3730-26177 [5196] 14/10/2016 14/10/2016 LIBRO Data import 15.10.2016 / by Epidotti, Vaglietti
CREDITS: SOCIETA' SAN PAOLO Via A.Severo, 58 - ROMA (RM) & PERIODICI SAN PAOLO SRL Via Giotto, 36 MILANO & CISF Via Giotto, 36 MILANO & EDIZIONI SAN PAOLO SRL,  Piazza Soncino, 5 CINISELLO BALSAMO (MI) -- ITALY